[Event "Tseshkovsky Mem 2014"]
[Site "Sochi RUS"]
[Date "2014.09.18"]
[Round "2.5"]
[White "Bukavshin, Ivan"]
[Black "Zakarian, David"]
[Result "1/2-1/2"]
[WhiteTitle "GM"]
[BlackTitle "FM"]
[WhiteElo "2613"]
[BlackElo "2400"]
[WhiteFideId "4199758"]
[BlackFideId "13301276"]
[EventDate "2014.09.17"]

1. d4 d5 2. c4 dxc4 3. e4 e5 4. Nf3 exd4 5. Bxc4 Nc6 6. O-O Bc5 7. Qb3 Qd7 8.
Bd2 a6 9. Rc1 Bb6 10. Bd5 Nf6 11. Rxc6 Nxd5 12. Ne5 Qe7 13. Qxd5 Be6 14. Rxe6
fxe6 15. Qxb7 O-O 16. Nd3 Qe8 17. e5 Qg6 18. Ne1 d3 19. Nf3 Rab8 20. Qc6 Rxf3
21. Qxf3 Rf8 22. Bf4 Qf5 23. Nd2 Qxf4 24. Qxf4 Rxf4 25. Rf1 Bd4 26. b3 Bxe5 27.
Rd1 Rd4 28. Nc4 Rd5 29. f3 Bc3 30. Kf2 Bd4+ 31. Kf1 Bc3 32. Nd2 a5 33. Ne4 Bb4
34. Kf2 a4 35. Ke3 axb3 36. axb3 d2 37. Nxd2 Kf7 38. Ke2 Bxd2 39. Rxd2 Rb5 40.
Rd3 Ke7 41. h4 Rb4 42. g3 e5 43. Kd2 Ke6 44. Kc3 Rb6 45. b4 h5 46. Kc4 Rc6+ 47.
Kb3 Kf5 48. Rd7 Rg6 49. Rf7+ Ke6 50. Rxc7 Rxg3 51. Rc3 g5 52. hxg5 Rxg5 53. b5
Kf5 54. Kb4 h4 55. b6 Rg6 56. Kb5 Rg1 57. Rc4 Rb1+ 58. Kc6 h3 59. Rh4 Rc1+ 60.
Kd7 Rd1+ 61. Kc7 Rc1+ 62. Kb8 Rh1 63. b7 h2 64. Kc7 Rc1+ 65. Kd6 Rd1+ 66. Kc6
Rc1+ 67. Kd6 1/2-1/2

[Event "Tseshkovsky Mem 2014"]
[Site "Sochi RUS"]
[Date "2014.09.18"]
[Round "2.6"]
[White "Yandarbiev, Ruslan"]
[Black "Aleksandrov, Aleksej"]
[Result "0-1"]
[WhiteTitle "IM"]
[BlackTitle "GM"]
[WhiteElo "2355"]
[BlackElo "2596"]
[WhiteFideId "4115023"]
[BlackFideId "13500139"]
[EventDate "2014.09.17"]

1. e4 e5 2. Nf3 Nc6 3. Bb5 Nf6 4. O-O Nxe4 5. d4 Nd6 6. Bxc6 dxc6 7. dxe5 Nf5 8.
Qxd8+ Kxd8 9. h3 Bd7 10. Rd1 Kc8 11. a4 Be7 12. a5 Rd8 13. Nc3 Be6 14. Rxd8+
Kxd8 15. Bg5 Ke8 16. Bxe7 Nxe7 17. Rd1 Ng6 18. b4 Rd8 19. Rxd8+ Kxd8 20. Ne2 Bd5
21. Ned4 Kd7 22. Kf1 h6 23. g3 Bxf3 24. Nxf3 Ke6 25. Ke2 Kd5 26. c3 Nxe5 27. Nd4
g6 28. f4 Nc4 29. Kd3 a6 30. h4 b6 31. axb6 cxb6 32. g4 c5 33. bxc5 bxc5 34. Ne2
a5 35. h5 gxh5 36. gxh5 a4 0-1

[Event "Tseshkovsky Mem 2014"]
[Site "Sochi RUS"]
[Date "2014.09.18"]
[Round "2.7"]
[White "Burmakin, Vladimir"]
[Black "Rozhko, Dmitry"]
[Result "1-0"]
[WhiteTitle "GM"]
[BlackTitle "FM"]
[WhiteElo "2584"]
[BlackElo "2337"]
[WhiteFideId "4105109"]
[BlackFideId "4150430"]
[EventDate "2014.09.17"]

1. Nf3 d5 2. c4 c6 3. e3 Nf6 4. Nc3 g6 5. d4 Bg7 6. Qb3 O-O 7. Bd2 e6 8. Be2
Nbd7 9. O-O Ne4 10. Qc2 f5 11. b4 g5 12. b5 Ndf6 13. bxc6 bxc6 14. Ne5 Bd7 15.
Rab1 Be8 16. f3 Nxd2 17. Qxd2 dxc4 18. Bxc4 Nd5 19. Na4 Qd6 20. f4 gxf4 21. exf4
Rd8 22. Nc5 Nb6 23. Bxe6+ Kh8 24. Rbd1 Bh5 25. Bb3 Bxd1 26. Rxd1 Rde8 27. Nf7+
Rxf7 28. Bxf7 Re7 29. Bb3 Nd7 30. Nxd7 Rxd7 31. d5 c5 32. Re1 Bd4+ 33. Kf1 Re7
34. g3 Kg7 35. Rxe7+ Qxe7 36. Qd3 Qe4 37. Qxe4 fxe4 38. Bc2 e3 39. Bd3 c4 40.
Bxc4 Kf6 41. Ke2 h6 42. g4 Bc5 43. h4 Bb6 44. Kf3 Bc5 45. g5+ Kg6 46. Kg4 Bd6
47. f5+ 1-0

[Event "Tseshkovsky Mem 2014"]
[Site "Sochi RUS"]
[Date "2014.09.18"]
[Round "2.8"]
[White "Zakharov, Alexander"]
[Black "Volkov, Sergey"]
[Result "0-1"]
[WhiteTitle "IM"]
[BlackTitle "GM"]
[WhiteElo "2352"]
[BlackElo "2583"]
[WhiteFideId "4103564"]
[BlackFideId "4122763"]
[EventDate "2014.09.17"]

1. d4 d5 2. c4 c6 3. Nc3 Nf6 4. Nf3 a6 5. c5 Nbd7 6. g3 g6 7. Bg2 Bg7 8. O-O O-O
9. Qc2 Ne8 10. e4 dxe4 11. Qxe4 Ndf6 12. Qh4 Bg4 13. Re1 Bxf3 14. Bxf3 Qd7 15.
Bg5 Nc7 16. Rad1 Rfe8 17. Bg2 Ncd5 18. Bh6 Rad8 19. Nxd5 Nxd5 20. Bxg7 Kxg7 21.
Bxd5 Qxd5 22. Rd2 Qc4 23. Qf4 e5 24. Rxe5 Qc1+ 25. Kg2 Qxd2 26. Qxd2 Rxe5 27.
Qb4 Re7 28. Kf3 h5 29. h3 Rd5 30. g4 h4 31. a4 f6 32. Qc3 f5 33. gxf5 Rxf5+ 34.
Kg2 Re2 35. d5+ Kf7 36. Qd4 Rexf2+ 37. Qxf2 Rxf2+ 38. Kxf2 cxd5 39. b4 Ke6 40.
Ke3 g5 41. b5 a5 42. Kf3 d4 43. Ke4 g4 0-1

[Event "Tseshkovsky Mem 2014"]
[Site "Sochi RUS"]
[Date "2014.09.18"]
[Round "2.9"]
[White "Korneev, Oleg"]
[Black "Nechaev, Oleg"]
[Result "1/2-1/2"]
[WhiteTitle "GM"]
[WhiteElo "2581"]
[BlackElo "2329"]
[WhiteFideId "4156803"]
[BlackFideId "24113409"]
[EventDate "2014.09.17"]

1. e4 c5 2. Nf3 Nc6 3. d4 cxd4 4. Nxd4 Qb6 5. Nb3 Nf6 6. Nc3 e6 7. Bd3 a6 8. f4
d6 9. Qf3 Be7 10. Be3 Qc7 11. O-O-O Rb8 12. g4 h6 13. h4 h5 14. gxh5 Nxh5 15.
Kb1 b5 16. Qf2 Bf6 17. Ne2 Bd7 18. Ng3 Nxg3 19. Qxg3 e5 20. f5 a5 21. Nd2 Nb4
22. Nf3 a4 23. Bd2 Nxd3 24. cxd3 b4 25. Rc1 Qb7 26. Bg5 Bb5 27. Rhd1 a3 28. b3
Kd7 29. Bxf6 gxf6 30. Qg7 Ke7 31. Ng5 fxg5 32. hxg5 Rhc8 33. g6 Be8 34. f6+ Kd8
35. Qf8 fxg6 36. Rc4 Qd7 37. Rf1 Rxc4 38. dxc4 Kc7 39. c5 dxc5 40. Qxc5+ 1/2-1/2

[Event "Tseshkovsky Mem 2014"]
[Site "Sochi RUS"]
[Date "2014.09.18"]
[Round "2.10"]
[White "Nakhbayeva, Guliskhan"]
[Black "Kotsur, Pavel"]
[Result "1/2-1/2"]
[WhiteTitle "WGM"]
[BlackTitle "GM"]
[WhiteElo "2331"]
[BlackElo "2570"]
[WhiteFideId "13704788"]
[BlackFideId "13700278"]
[EventDate "2014.09.17"]

1. d4 Nf6 2. c4 e6 3. Nc3 Bb4 4. e3 O-O 5. Bd3 d5 6. Nf3 c5 7. O-O dxc4 8. Bxc4
Nc6 9. a3 Ba5 10. Qd3 cxd4 11. exd4 h6 12. Rd1 Bc7 1/2-1/2

[Event "Tseshkovsky Mem 2014"]
[Site "Sochi RUS"]
[Date "2014.09.18"]
[Round "2.11"]
[White "Brodsky, Michail"]
[Black "Bukanov, Sergei"]
[Result "1-0"]
[WhiteTitle "GM"]
[WhiteElo "2566"]
[BlackElo "2317"]
[WhiteFideId "14100932"]
[BlackFideId "4117140"]
[EventDate "2014.09.17"]

1. d4 g6 2. c4 Bg7 3. e4 Nc6 4. Nf3 d6 5. d5 Ne5 6. Nxe5 dxe5 7. Nc3 e6 8. Be2
f5 9. Qa4+ Bd7 10. Qb3 b6 11. c5 exd5 12. Nxd5 c6 13. Ne3 Ne7 14. O-O b5 15. Rd1
Qc8 16. exf5 Bxf5 17. Rd6 Rf8 18. Nxf5 Qxf5 19. Be3 e4 20. h3 Qe5 21. Bg4 Qxb2
22. Bd7+ Kd8 23. Bxc6+ Kc7 24. Rd7+ Kc8 25. Qe6 1-0

[Event "Tseshkovsky Mem 2014"]
[Site "Sochi RUS"]
[Date "2014.09.18"]
[Round "2.12"]
[White "Strutinskaia, Galina"]
[Black "Mozharov, Mikhail"]
[Result "0-1"]
[WhiteTitle "WGM"]
[BlackTitle "GM"]
[WhiteElo "2317"]
[BlackElo "2555"]
[WhiteFideId "4108558"]
[BlackFideId "4189825"]
[EventDate "2014.09.17"]

1. d4 Nf6 2. Nf3 e6 3. c4 b6 4. g3 Ba6 5. b3 Bb4+ 6. Bd2 Be7 7. Nc3 d5 8. cxd5
exd5 9. Bg2 O-O 10. O-O Re8 11. Re1 Bb7 12. Bg5 Na6 13. e3 c5 14. Ne5 Nc7 15. f4
Ne6 16. Bxf6 Bxf6 17. Re2 Rc8 18. Rc2 g6 19. Rac1 Bg7 20. Kh1 cxd4 21. exd4 Bf8
22. Ne2 Rxc2 23. Rxc2 Ng7 24. Bh3 Nh5 25. Ng1 Nf6 26. Ngf3 Ne4 27. Kg1 a5 28.
Qd3 Nd6 29. a4 f6 30. Ng4 Bg7 31. Nf2 0-1

[Event "Tseshkovsky Mem 2014"]
[Site "Sochi RUS"]
[Date "2014.09.18"]
[Round "2.13"]
[White "Panarin, Mikhail"]
[Black "Kudelya, Igor"]
[Result "1-0"]
[WhiteTitle "GM"]
[BlackTitle "FM"]
[WhiteElo "2555"]
[BlackElo "2312"]
[WhiteFideId "4153251"]
[BlackFideId "4177339"]
[EventDate "2014.09.17"]

1. e4 c5 2. Nf3 g6 3. d4 Bg7 4. d5 b5 5. c4 bxc4 6. Nc3 d6 7. Bxc4 Nf6 8. O-O
O-O 9. Re1 Nbd7 10. Rb1 Rb8 11. h3 Nh5 12. Nb5 Rb7 13. Be2 a6 14. Na3 Rb4 15.
Nc4 Nb6 16. Nfd2 Nf4 17. Bf1 Na4 18. a3 e6 19. axb4 exd5 20. Qxa4 Qg5 21. Kh1
dxc4 22. Nf3 Qf6 23. Bxf4 Qxf4 24. bxc5 Bxh3 25. Qxc4 Bxg2+ 26. Bxg2 1-0

[Event "Tseshkovsky Mem 2014"]
[Site "Sochi RUS"]
[Date "2014.09.18"]
[Round "2.14"]
[White "Pushkov, Nikolai"]
[Black "Ehlvest, Jaan"]
[Result "1/2-1/2"]
[WhiteTitle "GM"]
[BlackTitle "GM"]
[WhiteElo "2315"]
[BlackElo "2553"]
[WhiteFideId "4117131"]
[BlackFideId "4500016"]
[EventDate "2014.09.17"]

1. d4 Nf6 2. Nf3 e6 3. c4 c5 4. Nc3 cxd4 5. Nxd4 a6 6. g3 Qc7 7. e4 Bb4 8. Qe2
d6 9. Bd2 Nc6 10. Nxc6 bxc6 11. Bg2 1/2-1/2

[Event "Tseshkovsky Mem 2014"]
[Site "Sochi RUS"]
[Date "2014.09.18"]
[Round "2.15"]
[White "Rozum, Ivan"]
[Black "Kruchev, Boris"]
[Result "1-0"]
[WhiteTitle "GM"]
[BlackTitle "FM"]
[WhiteElo "2552"]
[BlackElo "2310"]
[WhiteFideId "24104272"]
[BlackFideId "4179714"]
[EventDate "2014.09.17"]

1. d4 d5 2. c4 c6 3. Nf3 Nf6 4. e3 e6 5. Bd3 Nbd7 6. O-O Bd6 7. Qc2 O-O 8. Nc3
dxc4 9. Bxc4 e5 10. h3 Qe7 11. Bb3 Bc7 12. Bd2 h6 13. Nh4 Re8 14. Nf5 Qf8 15. a3
a5 16. Rad1 Kh8 17. Bc1 Nb6 18. Ba2 Bd7 19. Bb1 e4 20. Ng3 Qd6 21. f4 g6 22. Qf2
Bf5 23. Nxf5 gxf5 24. Qh4 Kh7 25. g4 Rg8 26. Kh1 Qe6 27. Rg1 Nbd5 28. g5 Nd7 29.
Rg2 Rg6 30. Rdg1 Rag8 31. Nxe4 f6 32. Ng3 Ne7 33. e4 fxg5 34. fxg5 Bxg3 35. Rxg3
Rf8 36. gxh6 Rxg3 37. Rxg3 Ng6 38. Qg5 fxe4 39. h4 Rf1+ 40. Kg2 Rf5 41. Qxg6+
Qxg6 42. Rxg6 Kxg6 43. Bxe4 Nf8 44. Bg5 Nh7 45. Kg3 1-0

[Event "Tseshkovsky Mem 2014"]
[Site "Sochi RUS"]
[Date "2014.09.18"]
[Round "2.16"]
[White "Mishuchkov, Nikolai M."]
[Black "Shaposhnikov, Evgeny"]
[Result "1/2-1/2"]
[WhiteTitle "IM"]
[BlackTitle "GM"]
[WhiteElo "2311"]
[BlackElo "2536"]
[WhiteFideId "4102401"]
[BlackFideId "4122232"]
[EventDate "2014.09.17"]

1. d4 Nf6 2. Nf3 e6 3. c4 b6 4. g3 Ba6 5. Qa4 Bb7 6. Bg2 c5 7. dxc5 bxc5 8. O-O
Be7 9. Nc3 O-O 10. Rd1 Qb6 11. Bf4 d6 12. Rd2 Nc6 13. Rad1 Nd4 14. Bg5 Bc6 15.
Qa3 h6 16. Bxf6 Bxf6 17. Ne1 Bxg2 18. Kxg2 Qb7+ 19. Kg1 a6 20. e3 Nf5 21. Rd3 h5
22. b3 Rfd8 23. Qc1 Rd7 24. Qc2 Rad8 25. Qe2 g6 26. Qf3 Qxf3 1/2-1/2

[Event "Tseshkovsky Mem 2014"]
[Site "Sochi RUS"]
[Date "2014.09.18"]
[Round "2.17"]
[White "Stupak, Kirill"]
[Black "Dashko, Andrey"]
[Result "1/2-1/2"]
[WhiteTitle "GM"]
[WhiteElo "2524"]
[BlackElo "2302"]
[WhiteFideId "13503758"]
[BlackFideId "4131371"]
[EventDate "2014.09.17"]

1. d4 Nf6 2. g3 d5 3. Nf3 c6 4. Bg2 Bf5 5. O-O e6 6. c4 Be7 7. Nc3 O-O 8. Qb3
Qb6 9. c5 Qa6 10. Nh4 Nbd7 11. Nxf5 exf5 12. f3 b6 13. cxb6 Nxb6 14. Bh3 c5 15.
Bxf5 cxd4 16. Qb5 Qb7 17. Na4 Qc7 18. Bf4 Qc4 19. Qxc4 dxc4 20. Nxb6 axb6 21.
Rfd1 Bc5 22. Kf1 Rfe8 23. Rdc1 b5 24. a4 c3 25. b4 Bxb4 26. axb5 Rxa1 27. Rxa1
Nd5 28. Bc1 Rb8 29. Bd3 Ne3+ 30. Ke1 c2+ 31. Kf2 Bc3 32. Ra7 g6 33. Rd7 Kg7 34.
f4 Nd1+ 35. Kf3 Nb2 36. Bxc2 Rxb5 37. Be4 Kf8 38. Rc7 f5 39. Bc2 h5 40. h3 Rb4
41. g4 hxg4+ 42. hxg4 fxg4+ 43. Kxg4 d3 44. Bxd3 Nxd3 45. Ba3 Bb2 46. Bxb4+ Nxb4
47. Rb7 Bc3 48. e4 Bd2 49. Rb6 Kf7 50. Rd6 Be3 51. Kg5 Ke7 52. Rd1 Nc2 53. Rd3
Bd4 54. Kxg6 Bf6 55. Rb3 Bd4 56. Rb7+ Kd6 57. f5 Bc5 58. Rb2 Nd4 59. Kf6 Nf3 60.
e5+ Kd5 61. Rb5 Nd4 62. Rxc5+ Kxc5 63. e6 Nb5 64. Ke7 Nd4 65. Kf6 Nb5 66. Ke5
Nd6 67. e7 Kc6 68. Ke6 Ne8 69. f6 Nc7+ 70. Kf7 Kd7 71. Kg8 Ne6 1/2-1/2

[Event "Tseshkovsky Mem 2014"]
[Site "Sochi RUS"]
[Date "2014.09.18"]
[Round "2.18"]
[White "Rjabzev, Konstantin"]
[Black "Yakovich, Yuri"]
[Result "1/2-1/2"]
[WhiteTitle "IM"]
[BlackTitle "GM"]
[WhiteElo "2306"]
[BlackElo "2524"]
[WhiteFideId "4150015"]
[BlackFideId "4100654"]
[EventDate "2014.09.17"]

1. e4 c5 2. Nf3 d6 3. Bb5+ Nd7 4. d4 cxd4 5. Qxd4 a6 6. Bxd7+ Bxd7 7. c4 e5 8.
Qd3 b5 9. Nc3 Qb8 10. O-O h6 11. cxb5 axb5 12. Rd1 Nf6 13. Nd5 Nxd5 14. Qxd5 Ra6
15. Qd3 Bc6 16. Nd2 Qa8 17. a3 Be7 18. f3 O-O 19. Nf1 f5 20. exf5 e4 21. Qb3+
Kh7 22. fxe4 Bxe4 23. Ng3 Bxf5 24. Nxf5 Rxf5 25. Qd3 g6 26. Rf1 Rxf1+ 1/2-1/2

[Event "Tseshkovsky Mem 2014"]
[Site "Sochi RUS"]
[Date "2014.09.18"]
[Round "2.20"]
[White "Tekeyev, Zaur"]
[Black "Papin, Vasily"]
[Result "1/2-1/2"]
[WhiteTitle "FM"]
[BlackTitle "GM"]
[WhiteElo "2300"]
[BlackElo "2502"]
[WhiteFideId "4199731"]
[BlackFideId "4143183"]
[EventDate "2014.09.17"]

1. e4 c5 2. Nf3 e6 3. g3 Nf6 4. e5 Nd5 5. Bg2 Nc6 6. O-O Be7 7. Re1 b5 8. Nc3
Nxc3 9. dxc3 Bb7 10. Qe2 b4 11. cxb4 cxb4 12. h4 O-O 13. Bf4 Na5 14. Rad1 Rc8
15. Qd3 Bxf3 16. Bxf3 Nc4 1/2-1/2

[Event "Tseshkovsky Mem 2014"]
[Site "Sochi RUS"]
[Date "2014.09.18"]
[Round "2.21"]
[White "Demidov, Mikhail"]
[Black "Dimitrijevic, Aleksandra"]
[Result "1-0"]
[WhiteTitle "IM"]
[BlackTitle "WGM"]
[WhiteElo "2499"]
[BlackElo "2281"]
[WhiteFideId "4197143"]
[BlackFideId "929239"]
[EventDate "2014.09.17"]

1. Nf3 Nf6 2. c4 d6 3. d4 Nbd7 4. Nc3 e5 5. g3 g6 6. Bg2 Bg7 7. O-O O-O 8. e3
Re8 9. a4 a5 10. b3 exd4 11. exd4 d5 12. Bg5 h6 13. Bf4 Nf8 14. cxd5 Nxd5 15.
Nxd5 Qxd5 16. Bxc7 Be6 17. Ne5 Qxb3 18. Qxb3 Bxb3 19. Rfb1 Bc2 20. Rxb7 Ne6 21.
Rb2 Rac8 22. Bxa5 Nxd4 23. f4 g5 24. Bd2 gxf4 25. gxf4 f6 26. Nc6 f5 27. Rxc2
Nxc2 28. Rc1 Bd4+ 29. Kh1 Ne3 30. Ne7+ Rxe7 31. Rxc8+ Kg7 32. Bf3 Nf1 33. Bb4
Re3 34. Bg2 Rb3 35. Bf8+ Kg6 36. Rc6+ Kh5 37. Rxh6+ Kg4 38. Rg6+ Kxf4 39. Bh6+
Ke5 40. Bg7+ 1-0

[Event "Tseshkovsky Mem 2014"]
[Site "Sochi RUS"]
[Date "2014.09.18"]
[Round "2.22"]
[White "Nedochetov, Mikhail"]
[Black "Andreev, Eduard UKR"]
[Result "1/2-1/2"]
[WhiteTitle "IM"]
[BlackTitle "GM"]
[WhiteElo "2261"]
[BlackElo "2473"]
[WhiteFideId "4119673"]
[BlackFideId "14103400"]
[EventDate "2014.09.17"]

1. Nf3 g6 2. c4 Bg7 3. Nc3 c5 4. g3 Nc6 5. Bg2 e6 6. O-O Nge7 7. e3 O-O 8. d4 d6
9. b3 Nf5 10. Ne2 Qc7 11. Bb2 b6 12. Qd2 Bb7 13. Rfd1 cxd4 1/2-1/2

[Event "Tseshkovsky Mem 2014"]
[Site "Sochi RUS"]
[Date "2014.09.18"]
[Round "2.23"]
[White "Cherniaev, Alexander"]
[Black "Smirnov, Timofey"]
[Result "1/2-1/2"]
[WhiteTitle "GM"]
[WhiteElo "2458"]
[BlackElo "2269"]
[WhiteFideId "4117301"]
[BlackFideId "24176427"]
[EventDate "2014.09.17"]

1. e4 e5 2. Nf3 Nc6 3. Bb5 a6 4. Ba4 Nf6 5. O-O b5 6. Bb3 Be7 7. Qe2 d6 8. c3
O-O 9. Rd1 Na5 10. Bc2 c5 11. d4 Qc7 12. d5 Ne8 13. b3 f5 14. exf5 Bxf5 15. Bxf5
Rxf5 16. Nbd2 g6 17. Ne4 Qd7 18. h3 Ng7 19. g4 Rf7 20. Nfg5 Rff8 21. Be3 Nb7 22.
a4 Na5 23. axb5 axb5 24. Ra3 Qb7 25. Qc2 c4 26. b4 Nb3 27. Rxa8 Qxa8 28. Qe2 Qb7
29. Nf3 Ra8 30. Bh6 Ne8 31. Nfg5 Bxg5 32. Nxg5 Qe7 33. f4 Nf6 34. fxe5 Qxe5 35.
Qxe5 dxe5 36. d6 Ra1 37. Rxa1 Nxa1 38. Ne6 Kf7 39. Nc7 Ne4 40. Bg7 Nxd6 41. Bxe5
Ne4 42. Nxb5 Ke6 43. Bg7 Nb3 44. Nd4+ Kd5 45. Ne2 Nbd2 46. Kg2 Nb1 47. Kf3 g5
48. Ke3 Na3 49. Kf3 Nb1 50. Bh8 Nbd2+ 51. Kg2 Nb1 52. Bd4 Na3 53. Kf3 Nd2+ 54.
Ke3 Ne4 55. Bg7 Nc2+ 56. Kf3 Ne1+ 1/2-1/2

[Event "Tseshkovsky Mem 2014"]
[Site "Sochi RUS"]
[Date "2014.09.18"]
[Round "2.24"]
[White "Abrekov, Mussa"]
[Black "Bryzgalin, Kirill"]
[Result "0-1"]
[BlackTitle "GM"]
[WhiteElo "2237"]
[BlackElo "2448"]
[WhiteFideId "34134740"]
[BlackFideId "4133285"]
[EventDate "2014.09.17"]

1. d4 Nf6 2. c4 e5 3. dxe5 Ng4 4. Nf3 Bc5 5. e3 Nc6 6. Be2 O-O 7. O-O Ngxe5 8.
Nc3 Re8 9. a3 a5 10. Nd4 d6 11. Nd5 Ne7 12. b3 c6 13. Nc3 Bb6 14. Ra2 f5 15. Rd2
N7g6 16. g3 Qe7 17. Bb2 Rf8 18. b4 axb4 19. axb4 Bc7 20. Re1 Qf7 21. Qb3 f4 22.
Nd1 fxe3 23. fxe3 Bh3 24. e4 Bb6 25. Qc3 Kh8 26. Kh1 c5 27. Nb5 cxb4 28. Qc2 Bc5
29. Nxd6 Bxd6 30. Rxd6 Nf3 0-1

[Event "Tseshkovsky Mem 2014"]
[Site "Sochi RUS"]
[Date "2014.09.18"]
[Round "2.25"]
[White "Grishchenko, Sergey1"]
[Black "Bakunts, Rafael"]
[Result "1/2-1/2"]
[WhiteTitle "IM"]
[WhiteElo "2448"]
[BlackElo "2237"]
[WhiteFideId "4136730"]
[BlackFideId "13304097"]
[EventDate "2014.09.17"]

1. d4 Nf6 2. Bg5 d5 3. Bxf6 exf6 4. e3 c6 5. Bd3 Bd6 6. Nd2 Be6 7. Qf3 Nd7 8.
Ne2 g6 9. Nf4 f5 10. c4 Nf6 11. cxd5 cxd5 12. O-O O-O 13. Rfc1 Qb6 14. Nb3 Rac8
15. Bf1 Ne4 16. Qe2 Rc7 17. f3 Nf6 1/2-1/2

[Event "Tseshkovsky Mem 2014"]
[Site "Sochi RUS"]
[Date "2014.09.18"]
[Round "2.26"]
[White "Gutkis, Vladimir"]
[Black "Simantsev, Mikhail"]
[Result "0-1"]
[WhiteTitle "FM"]
[BlackTitle "GM"]
[WhiteElo "2224"]
[BlackElo "2443"]
[WhiteFideId "4173325"]
[BlackFideId "14104555"]
[EventDate "2014.09.17"]

1. e4 c5 2. Nf3 e6 3. d4 cxd4 4. Nxd4 a6 5. Nc3 b5 6. Bd3 Qb6 7. Nb3 Qc7 8. Qf3
Nc6 9. Bf4 d6 10. Qg3 b4 11. Ne2 Nf6 12. Be3 g6 13. f4 Bg7 14. Rb1 O-O 15. O-O
Bb7 16. Qh4 Rfe8 17. Rf3 Nb8 18. Nd2 Nbd7 19. Bd4 Qd8 20. Rbf1 Rc8 21. R3f2 Nc5
22. f5 Nfxe4 23. Qxd8 Rexd8 24. Nxe4 Nxe4 25. fxg6 Nxf2 26. gxf7+ Kxf7 27. Bxh7
Bxd4 28. Nxd4 Kg7 29. Rxf2 Kxh7 30. Rf7+ Kg6 31. Rxb7 e5 32. Nf3 Rxc2 33. Rxb4
Rdc8 34. h4 R8c4 35. Rb6 Rc6 36. Rb4 R2c4 37. Rb8 e4 38. Ng5 d5 39. Rb3 Kh5 40.
Nf7 d4 41. Kf2 Rf6+ 0-1

[Event "Tseshkovsky Mem 2014"]
[Site "Sochi RUS"]
[Date "2014.09.18"]
[Round "2.27"]
[White "Tunik, Gennady"]
[Black "Kondenko, Alexey"]
[Result "1-0"]
[WhiteTitle "GM"]
[WhiteElo "2415"]
[BlackElo "2218"]
[WhiteFideId "4101219"]
[BlackFideId "4117255"]
[EventDate "2014.09.17"]

1. d4 Nf6 2. c4 c5 3. d5 g6 4. Nc3 Bg7 5. e4 d6 6. Nf3 O-O 7. Be2 a6 8. a4 b6 9.
O-O Ra7 10. Bf4 Nh5 11. Bg5 h6 12. Be3 e5 13. dxe6 Bxe6 14. Nd2 Nf6 15. f4 Nc6
16. Kh1 Nd4 17. Bd3 Ng4 18. Bg1 f5 19. exf5 gxf5 20. Nf3 Raf7 21. h3 Nxf3 22.
Qxf3 Nf6 23. Be2 Bc8 24. Qd3 Ne4 25. Nxe4 fxe4 26. Qxe4 Bb7 27. Qg6 Qh4 28. Kh2
Rf6 29. Qd3 Rxf4 30. g3 Qg5 31. Rxf4 Rxf4 32. Be3 Be5 33. Rg1 Rd4 34. Bxg5 Rxd3
35. Bxd3 hxg5 36. Rf1 Kg7 37. b3 Bf6 38. Re1 Be5 39. Be4 Bc8 40. Rf1 Bd7 41. Bd5
Bf6 42. h4 gxh4 43. gxh4 Be5+ 44. Kg2 Be8 45. Kf3 Bg6 46. Be4 Bh5+ 47. Ke3 Bf6
48. Kf4 Bd4 49. Kg5 1-0

[Event "Tseshkovsky Mem 2014"]
[Site "Sochi RUS"]
[Date "2014.09.18"]
[Round "2.28"]
[White "Travkina, Anastasia"]
[Black "Lugovskoy, Maxim"]
[Result "0-1"]
[WhiteTitle "WFM"]
[BlackTitle "IM"]
[WhiteElo "2208"]
[BlackElo "2390"]
[WhiteFideId "24129151"]
[BlackFideId "24126454"]
[EventDate "2014.09.17"]

1. e4 e6 2. d4 d5 3. Nc3 Nf6 4. Bg5 Be7 5. e5 Nfd7 6. h4 Nc6 7. Nf3 Nb6 8. Qd2
Bd7 9. O-O-O a6 10. Bf4 Na5 11. h5 h6 12. Rh3 Nac4 13. Qe1 Bb4 14. Nd2 Bxc3 15.
Rxc3 Nxb2 16. Kxb2 Na4+ 17. Kb3 c5 18. dxc5 Nxc3 19. Kxc3 Qa5+ 20. Kd4 Rc8 21.
Nb3 Qa4+ 22. c4 dxc4 23. Nd2 c3+ 24. Nc4 Bb5 25. Rc1 Bxc4 26. Bxc4 b5 27. Qxc3
bxc4 28. Qxc4 Qc6 29. Ke3 O-O 30. g4 Rfd8 31. Qe4 Rd5 32. g5 hxg5 33. Bxg5 Rxc5
34. Rxc5 Qxe4+ 35. Kxe4 Rxc5 36. a3 f6 37. Bf4 f5+ 38. Kd3 Ra5 0-1

[Event "Tseshkovsky Mem 2014"]
[Site "Sochi RUS"]
[Date "2014.09.18"]
[Round "2.31"]
[White "Gasparyan, Daniel"]
[Black "Airapetian, Valentin"]
[Result "1-0"]
[WhiteElo "1820"]
[BlackElo "1798"]
[WhiteFideId "34197874"]
[BlackFideId "4188560"]
[EventDate "2014.09.17"]

1. d4 Nf6 2. Nf3 d6 3. g3 g6 4. Bg2 Bg7 5. O-O O-O 6. c4 c6 7. b3 Re8 8. Bb2
Nbd7 9. Re1 Qc7 10. e3 e5 11. Nc3 Nh5 12. d5 c5 13. e4 a6 14. Qe2 Nb6 15. Nd2
Bd7 16. Rf1 Bh6 17. Rae1 Qc8 18. a4 Bh3 19. Bc1 Bxg2 20. Kxg2 Qd8 21. Nf3 Bxc1
22. Rxc1 Nd7 23. Rce1 Kg7 24. Qd2 h6 25. h3 Rf8 26. Qe2 Qa5 27. Rc1 Rab8 28. Nh4
Qd8 29. Nf3 Qf6 30. Nd1 Qe7 31. Ne3 Ndf6 32. Nc2 Nh7 33. Kh2 f5 34. exf5 Rxf5
35. Ne3 Rf7 36. Nh4 Rbf8 37. Rc2 Ng5 38. Qg4 Nf3+ 39. Nxf3 Rxf3 40. Kg2 Qf7 41.
Qe6 Qxe6 42. dxe6 R3f6 43. e7 Re8 44. Nd5 Rf7 45. Rd2 Nf6 46. Nxf6 Rxf6 47. Rfd1
Rxe7 48. Rxd6 e4 49. Rd7 Kf7 50. R1d5 Rf5 51. Rxf5+ gxf5 52. Rxe7+ Kxe7 53. Kf1
Kf6 54. Ke2 Ke5 55. Ke3 a5 56. h4 h5 57. f4+ exf3 58. Kxf3 Kd4 59. Kf4 Kc3 60.
Kxf5 Kxb3 61. g4 hxg4 62. Kxg4 Kxc4 63. h5 Kd3 64. h6 c4 65. h7 c3 66. h8=Q c2
67. Qh6 Kc3 68. Qc1 Kb3 69. Kf3 Kxa4 70. Qxc2+ Ka3 71. Qb1 1-0

[Event "Tseshkovsky Mem 2014"]
[Site "Sochi RUS"]
[Date "2014.09.18"]
[Round "2.33"]
[White "Kutovoi, Valery"]
[Black "Palkovich, Denis"]
[Result "0-1"]
[BlackTitle "FM"]
[WhiteElo "1813"]
[BlackElo "2150"]
[WhiteFideId "34113131"]
[BlackFideId "14113260"]
[EventDate "2014.09.17"]

1. e4 d5 2. exd5 Nf6 3. d4 Nxd5 4. Bc4 Nb6 5. Bb3 c5 6. dxc5 Qxd1+ 7. Kxd1 N6d7
8. Ba4 e5 9. Be3 Nc6 10. Bxc6 bxc6 11. b4 a5 12. c3 Ba6 13. Nd2 O-O-O 14. Kc1 f5
15. Nb3 f4 16. Bd2 Bf1 17. h4 axb4 18. cxb4 Bxg2 19. Rh2 Bd5 20. f3 Be7 21. Bc3
Rhf8 22. Nd2 Rf6 23. Kb2 Rh6 24. h5 Bf7 25. Re1 Rxh5 26. Rxh5 Bxh5 27. Nc4 Bf6
28. a4 Bg6 29. Nd6+ Kc7 30. Ne4 Bxe4 31. Rxe4 Ra8 32. Ka3 h5 33. Nh3 g5 34. Nf2
Rg8 35. Kb3 g4 36. fxg4 hxg4 37. Nd3 g3 38. b5 g2 39. b6+ Kb7 40. a5 g1=Q 41.
a6+ Ka8 0-1